Longest reigning monarchs of England Quiz Stats

 Plays Quiz not verified by Sporcle

Support Sporcle.
Go Orange.
Score 0/52 Timer 15:00
0 Plays Today
Reign Monarch % Correct
????
100%
????
94%
????
93.8%
????
86.4%
????
83.7%
????
83.7%
????
80.8%
????
36.6%
????
36.6%
????
36.3%
????
36%
????
35.8%
????
35.8%
????
35.8%
????
35.5%
????
35.5%
????
35%
????
33.6%
????
33.3%
????
33.1%
????
32.8%
????
32.8%
????
32.5%
????
30.1%
????
29.8%
????
29.8%
Reign Monarch % Correct
????
23.8%
????
23%
????
23%
????
22.2%
????
22.2%
????
22.2%
????
22%
????
22%
????
21.7%
????
21.7%
????
21.1%
????
20.6%
????
20.6%
????
20.6%
????
20.1%
????
19.5%
????
18.7%
????
18.2%
????
17.3%
????
17.1%
????
16%
????
15.4%
????
14.9%
????
14.6%
????
13.8%
????
12.2%

You're not logged in!

Compare scores with friends on all Sporcle quizzes.
OR
Log In

From the Vault

Build a Mosaic of France

by timmylemoine1

We prefer stronger materials, but as long as it gets the job done.
Remove Ads.
Support Sporcle.
Get the best of Sporcle when you Go Orange. This ad-free experience offers more features, more stats, and more fun while also helping to support Sporcle. Thank you for becoming a member.

Show Comments

Extras

Top Quizzes Today


Score Distribution

Your Account Isn't Verified!

In order to create a playlist on Sporcle, you need to verify the email address you used during registration. Go to your Sporcle Settings to finish the process.

Report this User

Report this user for behavior that violates our Community Guidelines.

Details: